| 000 | 00000nam 2200000za 4500 |
| 001 | 9.652960 |
| 003 | CaOODSP |
| 005 | 20240508145526 |
| 007 | ta |
| 008 | 150407|1988||||xxc||||| f|0| 0 fre d |
| 020 | |a0-660-54239-0 |
| 040 | |aCaOODSP|bfre |
| 041 | |aeng |
| 041 | |afre |
| 043 | |an-cn--- |
| 086 | 1 |aYX45-1/1985 |
| 110 | 1 |aCanada.|bStatuts. |
| 245 | 10|aLois révisées du Canada (1985), Table de concordance |
| 260 | |bStatuts, |c1988. |
| 300 | |a382 p. ; |c25 cm. |
| 590 | |a88-30|b1988-07-29 |
| 776 | 0#|tRevised Statutes of Canada, 1985. Table of concordance / |w(CaOODSP)9.676813 |
| 791 | |tRevised Statutes of Canada, 1985, Table of concordance |eeng|w(CaOODSP)9.652959 |